| 000 | 00554nam a22001817a 4500 | ||
|---|---|---|---|
| 005 | 20170309115829.0 | ||
| 010 | _aENG-117497 | ||
| 020 |
_a9789350271469 _c160.00 |
||
| 035 | _aEN-101029 | ||
| 037 | _bDBAD/PUB | ||
| 082 |
_22017 _a485 |
||
| 100 | _aThakur,K,P | ||
| 245 |
_aLearn english grammar,composition and translation / _cby K.P.Thakur |
||
| 260 |
_aNew Delhi _bBharti Bhawan _c2017 |
||
| 270 |
_a4271/3,Ansari road ,Daryaganj _bNew Delhi _e110002 _k23286557 |
||
| 300 |
_aviii,440p. _b21cm(pbk) |
||
| 942 |
_2ddc _cEN _h485 _mTHA |
||
| 999 |
_c138178 _d138178 |
||